| 000 | 00355nam a2200145 a 4500 | ||
|---|---|---|---|
| 001 | 3778 | ||
| 003 | CDMR | ||
| 005 | 20130304173002.0 | ||
| 008 | 130130s1984||||||||||||||||||||||||||||d | ||
| 040 |
_aCDMR _bcat _cCDMR |
||
| 245 | 1 | 0 | _aWorld Press Photo'84 |
| 260 |
_aMadrid _c1984 _bTechnipress |
||
| 710 | 2 |
_93022 _aWorld Press Photo Fundation |
|
| 942 |
_cMON _2udc |
||
| 999 |
_c3778 _d3778 |
||